[Event "5MCR_4D_1L_1S"]
[Site "?"]
[Date "2002.??.??"]
[Round "?"]
[White "Jandek, Stefan"]
[Black "Jerabek, Zdenek"]
[Result "1-0"]
[WhiteElo "2345"]
[BlackElo "2235"]
[PlyCount "99"]
[EventDate "2002.??.??"]
[EventType "corr"]
[SourceDate "2004.??.??"]

1. e4 c5 2. Nf3 d6 3. d4 cxd4 4. Nxd4 Nf6 5. Nc3 a6 6. Bc4 e6 7. Bb3 b5 8. O-O
Be7 9. Qf3 Qc7 10. Qg3 O-O 11. Bh6 Ne8 12. Rad1 Bf6 13. Bg5 Bxg5 14. Qxg5 Qc5
15. Qd2 a5 16. Ndxb5 a4 17. Bxa4 Rxa4 18. Nxa4 Qxb5 19. Nc3 Qb7 20. a4 Na6 21.
b3 Bd7 22. Rfe1 Bc6 23. Qd4 Nc5 24. Rd2 Nf6 25. f3 Rd8 26. e5 Ne8 27. a5 Nd7
28. exd6 e5 29. Qe3 Ra8 30. Ra1 Nef6 31. Kh1 Nh5 32. Ne2 Nhf6 33. c4 e4 34. Nd4
exf3 35. gxf3 Ng4 36. Qc3 Nge5 37. Kg2 g5 38. h3 Ng6 39. Re1 f6 40. b4 Nde5 41.
b5 Nf4+ 42. Kh1 Be8 43. c5 Qd7 44. c6 Qxd6 45. c7 Bd7 46. Nf5 Qe6 47. Rxd7 Qxd7
48. c8=Q+ Rxc8 49. Qxc8+ Qxc8 50. Ne7+ 1-0

[Event "5MCR_4D_1L_1S"]
[Site "?"]
[Date "2002.??.??"]
[Round "?"]
[White "Jandek, Stefan"]
[Black "Kolar, Pavel"]
[Result "1/2-1/2"]
[WhiteElo "2345"]
[BlackElo "2260"]
[PlyCount "58"]
[EventDate "2002.??.??"]
[EventType "corr"]
[SourceDate "2004.??.??"]

1. e4 e6 2. d4 d5 3. Nc3 Bb4 4. e5 c5 5. a3 Bxc3+ 6. bxc3 Ne7 7. Qg4 Qc7 8.
Qxg7 Rg8 9. Qxh7 cxd4 10. Ne2 Nbc6 11. f4 Bd7 12. Qd3 dxc3 13. Qxc3 Nf5 14. Rb1
O-O-O 15. Rg1 d4 16. Qd3 f6 17. g4 Nh4 18. exf6 e5 19. f7 Rxg4 20. Rxg4 Bxg4
21. Bh3 Qd7 22. Bxg4 Qxg4 23. Qg3 Qh5 24. Rb3 e4 25. Qg8 Qd5 26. Rg3 Nf3+ 27.
Kf1 Qc5 28. Qxd8+ Nxd8 29. Rg8 Qxc2 1/2-1/2

[Event "5MCR_4D_1L_1S"]
[Site "?"]
[Date "2002.??.??"]
[Round "?"]
[White "Jandek, Stefan"]
[Black "Satransky, Jaroslav"]
[Result "1-0"]
[WhiteElo "2345"]
[BlackElo "2260"]
[PlyCount "85"]
[EventDate "2002.??.??"]
[EventType "corr"]
[SourceDate "2004.??.??"]

1. e4 e5 2. Nf3 Nc6 3. Bb5 a6 4. Ba4 b5 5. Bb3 Bc5 6. O-O d6 7. c3 Bg4 8. Bd5
Qd7 9. Bxc6 Qxc6 10. Nxe5 dxe5 11. Qxg4 Nf6 12. Qg3 O-O-O 13. d3 Bb6 14. a4 Kb7
15. Bg5 Qd7 16. axb5 axb5 17. c4 b4 18. Nd2 h6 19. c5 Qxd3 20. Qxd3 Rxd3 21.
cxb6 hxg5 22. Nc4 Rc8 23. Ra7+ Kb8 24. Na5 cxb6 25. Rb7+ Ka8 26. Rxb6 Nd7 27.
Rxb4 Rd4 28. Nc4 Rc7 29. f3 Rb7 30. Ra1+ Kb8 31. Rba4 Kc8 32. h3 f6 33. Rc1 Rc7
34. Rc3 Nc5 35. Ra8+ Kb7 36. Re8 Rd1+ 37. Kh2 Rd3 38. Na5+ Kb6 39. Rc1 Kxa5 40.
Rb8 Rd4 41. b3 Rc6 42. Ra1+ Na4 43. Kg3 1-0

[Event "5MCR_4D_1L_1S"]
[Site "?"]
[Date "2002.??.??"]
[Round "?"]
[White "Jandek, Stefan"]
[Black "Svoboda, Frantisek"]
[Result "1/2-1/2"]
[WhiteElo "2345"]
[BlackElo "2420"]
[PlyCount "44"]
[EventDate "2002.??.??"]
[EventType "corr"]
[SourceDate "2004.??.??"]

1. e4 e6 2. d4 d5 3. Nc3 Nf6 4. Bg5 dxe4 5. Nxe4 Be7 6. Bxf6 Bxf6 7. Nf3 Nd7 8.
Qd2 O-O 9. O-O-O b6 10. Bc4 Bb7 11. d5 b5 12. Bb3 Nb6 13. Nxf6+ Qxf6 14. dxe6
fxe6 15. Rhe1 Nc4 16. Bxc4 bxc4 17. Ne5 Rad8 18. Qe3 Qxf2 19. Rxd8 Qxe3+ 20.
Rxe3 Rxd8 21. g3 Bd5 22. Ra3 Ra8 1/2-1/2

[Event "5MCR_4D_1L_1S"]
[Site "?"]
[Date "2002.??.??"]
[Round "?"]
[White "Jandek, Stefan"]
[Black "Zpevak, Pavel"]
[Result "1/2-1/2"]
[WhiteElo "2345"]
[BlackElo "2400"]
[PlyCount "41"]
[EventDate "2002.??.??"]
[EventType "corr"]
[SourceDate "2004.??.??"]

1. e4 c5 2. Nf3 e6 3. d4 cxd4 4. Nxd4 a6 5. Bd3 Nf6 6. O-O Qc7 7. Qe2 d6 8. c4
g6 9. Nc3 Bg7 10. Nf3 O-O 11. Rd1 Nbd7 12. Bf4 Nh5 13. Bg5 Bxc3 14. bxc3 e5 15.
Nh4 Nc5 16. Bc2 Ng7 17. Rd2 f6 18. Bh6 Be6 19. f4 exf4 20. Bxf4 Ne8 21. Nf3
1/2-1/2

[Event "5MCR_4D_1L_1S"]
[Site "?"]
[Date "2002.??.??"]
[Round "?"]
[White "Jedlicka, Ales"]
[Black "Boukal, Petr"]
[Result "0-1"]
[WhiteElo "2270"]
[BlackElo "2435"]
[PlyCount "76"]
[EventDate "2002.??.??"]
[EventType "corr"]
[SourceDate "2004.??.??"]

1. d4 Nf6 2. c4 g6 3. Nc3 Bg7 4. e4 d6 5. Be2 O-O 6. Nf3 e5 7. Be3 Ng4 8. Bg5
f6 9. Bh4 Nc6 10. d5 Ne7 11. Nd2 Nh6 12. f3 g5 13. Bf2 f5 14. h3 Ng6 15. g4
fxg4 16. hxg4 Nf4 17. Rh2 c5 18. a3 Bd7 19. Qc2 a6 20. Be3 Rb8 21. O-O-O b5 22.
Rdh1 b4 23. axb4 cxb4 24. Nd1 Nxe2+ 25. Rxe2 Nf7 26. Reh2 h6 27. Bf2 a5 28. Ne3
a4 29. Kb1 Qa5 30. Nf5 Bxf5 31. exf5 b3 32. Qc1 a3 33. Ne4 axb2 34. Qxb2 Qa6
35. Rc1 Rb4 36. Rc3 Ra8 37. Bg3 Qb7 38. c5 Qb5 0-1

[Event "5MCR_4D_1L_1S"]
[Site "?"]
[Date "2002.??.??"]
[Round "?"]
[White "Jedlicka, Ales"]
[Black "Hala, Martin"]
[Result "1/2-1/2"]
[WhiteElo "2270"]
[BlackElo "2405"]
[PlyCount "101"]
[EventDate "2002.??.??"]
[EventType "corr"]
[SourceDate "2004.??.??"]

1. d4 Nf6 2. c4 g6 3. Nc3 Bg7 4. e4 d6 5. Be2 O-O 6. Nf3 e5 7. O-O Nc6 8. d5
Ne7 9. Ne1 Nd7 10. Be3 f5 11. f3 f4 12. Bf2 g5 13. a4 Rf7 14. a5 Bf8 15. c5
Nxc5 16. Bxc5 dxc5 17. Bc4 Kg7 18. a6 b6 19. d6 Qxd6 20. Qb3 Qg6 21. Bxf7 Qxf7
22. Qa4 Be6 23. Nd3 Ng6 24. Nf2 Bd7 25. Qc2 c4 26. Rad1 Bc5 27. Kh1 Bd4 28. Ne2
c5 29. Nc3 Rd8 30. Nd5 Be6 31. Qxc4 Bxb2 32. Rd2 Bd4 33. Qc2 Rd6 34. Rb1 Qd7
35. Nd1 b5 36. N1c3 b4 37. Ne2 Rxd5 38. exd5 Bf5 39. Qc1 Bxb1 40. Nxd4 exd4 41.
Qxc5 b3 42. Qxd4+ Kh6 43. d6 Bc2 44. h3 Qe6 45. Kh2 Nf8 46. h4 Nd7 47. hxg5+
Kxg5 48. Qg7+ Kh5 49. Rd4 Qg6 50. Rd5+ Bf5 51. Qxd7 1/2-1/2

[Event "5MCR_4D_1L_1S"]
[Site "?"]
[Date "2002.??.??"]
[Round "?"]
[White "Jedlicka, Ales"]
[Black "Jandek, Stefan"]
[Result "0-1"]
[WhiteElo "2270"]
[BlackElo "2345"]
[PlyCount "72"]
[EventDate "2002.??.??"]
[EventType "corr"]
[SourceDate "2004.??.??"]

1. d4 d5 2. c4 c6 3. Nc3 Nf6 4. Nf3 e6 5. e3 Nbd7 6. Bd3 dxc4 7. Bxc4 b5 8. Bd3
Bb7 9. O-O a6 10. e4 c5 11. d5 c4 12. Bc2 Qc7 13. Qe2 Bd6 14. Bg5 O-O-O 15.
dxe6 fxe6 16. Rad1 h6 17. Bh4 g5 18. Bg3 Bxg3 19. hxg3 g4 20. Nd4 Qe5 21. b4
Nc5 22. Qe3 Nd3 23. Bxd3 Rxd4 24. Bc2 Rhd8 25. Rc1 h5 26. a4 Rd2 27. Rfe1 Ne8
28. axb5 axb5 29. Red1 Rxd1+ 30. Nxd1 Nc7 31. Rb1 Bc6 32. Kf1 Kb7 33. Ke2 Qf6
34. e5 Qf8 35. Kf1 Nd5 36. Qg5 Qh8 0-1

[Event "5MCR_4D_1L_1S"]
[Site "?"]
[Date "2002.??.??"]
[Round "?"]
[White "Jedlicka, Ales"]
[Black "Merlicek, Jiri"]
[Result "0-1"]
[WhiteElo "2270"]
[BlackElo "2390"]
[PlyCount "56"]
[EventDate "2002.??.??"]
[EventType "corr"]
[SourceDate "2004.??.??"]

1. d4 d5 2. c4 c6 3. Nf3 Nf6 4. Nc3 e6 5. e3 Nbd7 6. Qc2 Bd6 7. Bd3 O-O 8. O-O
dxc4 9. Bxc4 a6 10. Bd3 c5 11. Ne4 Nxe4 12. Bxe4 f5 13. Bd3 b5 14. e4 c4 15.
Be2 Bb7 16. Ng5 Qe7 17. Bf3 Rab8 18. Re1 Bb4 19. Bd2 Bxd2 20. Qxd2 h6 21. Nh3
e5 22. d5 Nc5 23. exf5 Rbd8 24. Red1 e4 25. Bg4 Rxd5 26. Qe2 Rxd1+ 27. Rxd1 Nd3
28. b3 Qc5 0-1

[Event "5MCR_4D_1L_1S"]
[Site "?"]
[Date "2002.??.??"]
[Round "?"]
[White "Jedlicka, Ales"]
[Black "Rybak, Radek"]
[Result "1/2-1/2"]
[WhiteElo "2270"]
[BlackElo "2390"]
[PlyCount "60"]
[EventDate "2002.??.??"]
[EventType "corr"]
[SourceDate "2004.??.??"]

1. d4 Nf6 2. c4 e6 3. Nf3 d5 4. g3 c5 5. cxd5 Nxd5 6. Bg2 cxd4 7. Nxd4 Bc5 8.
O-O O-O 9. Nc3 Nxc3 10. bxc3 Qc7 11. Rb1 e5 12. Nb3 Be7 13. Qc2 Nc6 14. Be3 b6
15. c4 Nb4 16. Qb2 Rb8 17. Rbc1 Na6 18. Rfd1 Be6 19. Bd5 Bg4 20. f3 Bh5 21. Nd2
Kh8 22. Qb5 Qc8 23. g4 Bg6 24. Ne4 f6 25. Bc6 Bxe4 26. Bxe4 Bc5 27. Qb3 Bxe3+
28. Qxe3 Nc5 29. Rc2 Rd8 30. Bd5 Qc7 1/2-1/2

[Event "5MCR_4D_1L_1S"]
[Site "?"]
[Date "2002.??.??"]
[Round "?"]
[White "Jedlicka, Ales"]
[Black "Soucha, Stepan"]
[Result "1/2-1/2"]
[WhiteElo "2270"]
[BlackElo "2335"]
[PlyCount "41"]
[EventDate "2002.??.??"]
[EventType "corr"]
[SourceDate "2004.??.??"]

1. d4 d5 2. c4 e6 3. Nc3 Nf6 4. Bg5 Be7 5. Nf3 O-O 6. e3 h6 7. Bh4 b6 8. Be2
Bb7 9. Bxf6 Bxf6 10. cxd5 exd5 11. O-O Nd7 12. b4 c5 13. bxc5 bxc5 14. Qb3 cxd4
15. Nxd4 Bxd4 16. exd4 Nb6 17. a4 Rb8 18. a5 Nc4 19. Bxc4 dxc4 20. Qxc4 Qf6 21.
Rfc1 1/2-1/2

[Event "5MCR_4D_1L_1S"]
[Site "?"]
[Date "2002.??.??"]
[Round "?"]
[White "Jedlicka, Ales"]
[Black "Straka, Zdenek"]
[Result "1/2-1/2"]
[WhiteElo "2270"]
[BlackElo "2360"]
[PlyCount "85"]
[EventDate "2002.??.??"]
[EventType "corr"]
[SourceDate "2004.??.??"]

1. d4 d5 2. c4 e6 3. Nc3 Nf6 4. Bg5 Be7 5. e3 O-O 6. Nf3 h6 7. Bxf6 Bxf6 8. Qd2
dxc4 9. Bxc4 c5 10. O-O cxd4 11. exd4 Nc6 12. Rad1 Qa5 13. Ne4 Be7 14. Qf4 Qb4
15. b3 b5 16. Bd3 Bb7 17. Ng3 Rfd8 18. Nh5 Bf8 19. Rfe1 a6 20. Qg4 Qd6 21. Nf6+
Kh8 22. Ne4 Qc7 23. Neg5 Rd6 24. Nxe6 fxe6 25. Qg6 Kg8 26. Rc1 Be7 27. Qh7+ Kf8
28. d5 Bf6 29. dxc6 Rxc6 30. Rxc6 Qxc6 31. Be4 Qc7 32. Bxb7 Qxb7 33. Rxe6 Qd5
34. Re1 Rd8 35. Qg6 Bc3 36. Re3 Qd1+ 37. Ne1 Bxe1 38. Qf5+ Kg8 39. Qe6+ Kh8 40.
Rxe1 Qc2 41. a3 Rd2 42. Qxa6 Rd1 43. Qe6 1/2-1/2

[Event "5MCR_4D_1L_1S"]
[Site "?"]
[Date "2002.??.??"]
[Round "?"]
[White "Jerabek, Zdenek"]
[Black "Boukal, Petr"]
[Result "1/2-1/2"]
[WhiteElo "2235"]
[BlackElo "2435"]
[PlyCount "51"]
[EventDate "2002.??.??"]
[EventType "corr"]
[SourceDate "2004.??.??"]

1. e4 c6 2. d4 d5 3. exd5 cxd5 4. Bd3 Nc6 5. c3 Nf6 6. Bf4 Bg4 7. Qb3 Qd7 8.
Nd2 e6 9. Ngf3 Bxf3 10. Nxf3 Bd6 11. Bxd6 Qxd6 12. O-O O-O 13. Rae1 Rab8 14.
Ne5 b5 15. a3 a5 16. Bxb5 Ne4 17. Nxc6 Qxc6 18. Bxc6 Rxb3 19. Re2 Nd6 20. Ba4
Rb7 21. b3 Rc8 22. Re3 Rbc7 23. Rc1 Ne4 24. c4 dxc4 25. Kf1 Nf6 26. Rec3
1/2-1/2

[Event "5MCR_4D_1L_1S"]
[Site "?"]
[Date "2002.??.??"]
[Round "?"]
[White "Jerabek, Zdenek"]
[Black "Jedlicka, Ales"]
[Result "1-0"]
[WhiteElo "2235"]
[BlackElo "2270"]
[PlyCount "53"]
[EventDate "2002.??.??"]
[EventType "corr"]
[SourceDate "2004.??.??"]

1. e4 c5 2. Nf3 d6 3. d4 cxd4 4. Nxd4 Nf6 5. Nc3 a6 6. Bg5 e6 7. f4 Qb6 8. Qd2
Qxb2 9. Nb3 Qa3 10. Bxf6 gxf6 11. Be2 Nc6 12. O-O Bd7 13. Bh5 Bg7 14. Rad1 Rc8
15. Rf3 Bf8 16. e5 fxe5 17. Ne4 d5 18. f5 Kd8 19. Bxf7 Kc7 20. Nf6 Qe7 21. Nxd7
Qxf7 22. fxe6 Qxe6 23. Nbc5 Qg6 24. Rb1 b5 25. Rxf8 Rhxf8 26. Nxf8 Rxf8 27.
Qxd5 1-0

[Event "5MCR_4D_1L_1S"]
[Site "?"]
[Date "2002.??.??"]
[Round "?"]
[White "Jerabek, Zdenek"]
[Black "Kolar, Pavel"]
[Result "0-1"]
[WhiteElo "2235"]
[BlackElo "2260"]
[PlyCount "78"]
[EventDate "2002.??.??"]
[EventType "corr"]
[SourceDate "2004.??.??"]

1. e4 e6 2. d4 d5 3. Nc3 Bb4 4. e5 c5 5. a3 Bxc3+ 6. bxc3 Ne7 7. Nf3 Bd7 8. a4
Nbc6 9. Be2 Qa5 10. O-O f6 11. Ba3 fxe5 12. Bxc5 e4 13. Ng5 h6 14. Nh3 b6 15.
Bxe7 Nxe7 16. Bb5 Bxb5 17. axb5 Qxc3 18. Qh5+ Kd7 19. Qg4 g5 20. Qe2 Nf5 21.
Qh5 Ke7 22. Kh1 Nxd4 23. Ng1 Nxb5 24. Ne2 Qf6 25. Rac1 Nd6 26. f3 e3 27. f4 Nc4
28. Qh3 a5 29. f5 Rhf8 30. Rcd1 a4 31. c3 a3 32. Ra1 exf5 33. Qf3 Qe5 34. Nd4
Kf7 35. Rfc1 f4 36. Qh3 Kg6 37. Qd7 Qe4 38. Qc6+ Kh7 39. Qc7+ Kg8 0-1

[Event "5MCR_4D_1L_1S"]
[Site "?"]
[Date "2002.??.??"]
[Round "?"]
[White "Jerabek, Zdenek"]
[Black "Merlicek, Jiri"]
[Result "1/2-1/2"]
[WhiteElo "2235"]
[BlackElo "2390"]
[PlyCount "63"]
[EventDate "2002.??.??"]
[EventType "corr"]
[SourceDate "2004.??.??"]

1. e4 c5 2. Nf3 d6 3. d4 cxd4 4. Nxd4 Nf6 5. Nc3 a6 6. Be3 e6 7. Be2 Qc7 8. f4
Be7 9. Bf3 Nc6 10. O-O O-O 11. Nxc6 bxc6 12. Na4 Rb8 13. c4 c5 14. Qc2 Nd7 15.
Nc3 Bb7 16. Rad1 Bc6 17. b3 Rfd8 18. Qf2 a5 19. e5 dxe5 20. f5 exf5 21. Bxc6
Qxc6 22. Qxf5 f6 23. Nd5 Bf8 24. Qe4 Qb7 25. Rd2 Kh8 26. Nc3 Rdc8 27. Qf5 Nb6
28. Rf3 Rc6 29. Rh3 h6 30. Rf3 Qc8 31. Qe4 a4 32. Nb5 1/2-1/2

[Event "5MCR_4D_1L_1S"]
[Site "?"]
[Date "2002.??.??"]
[Round "?"]
[White "Jerabek, Zdenek"]
[Black "Rybak, Radek"]
[Result "1/2-1/2"]
[WhiteElo "2235"]
[BlackElo "2390"]
[PlyCount "57"]
[EventDate "2002.??.??"]
[EventType "corr"]
[SourceDate "2004.??.??"]

1. e4 e5 2. Nf3 Nc6 3. Bb5 a6 4. Ba4 Nf6 5. O-O Be7 6. Re1 b5 7. Bb3 O-O 8. c3
d5 9. exd5 Nxd5 10. Nxe5 Nxe5 11. Rxe5 c6 12. d4 Bd6 13. Re1 Qh4 14. g3 Qh3 15.
Be3 Bg4 16. Qd3 Rae8 17. Nd2 f5 18. f4 g5 19. Qf1 Qh5 20. Qg2 gxf4 21. Bxd5+
cxd5 22. Qxd5+ Kg7 23. Bxf4 Bxf4 24. gxf4 Kh8 25. Qc6 Be2 26. Nf1 Rg8+ 27. Ng3
Qg4 28. a4 Re3 29. Qf6+ 1/2-1/2

[Event "5MCR_4D_1L_1S"]
[Site "?"]
[Date "2002.??.??"]
[Round "?"]
[White "Jerabek, Zdenek"]
[Black "Soucha, Stepan"]
[Result "0-1"]
[WhiteElo "2235"]
[BlackElo "2335"]
[PlyCount "82"]
[EventDate "2002.??.??"]
[EventType "corr"]
[SourceDate "2004.??.??"]

1. e4 e5 2. Nf3 Nc6 3. Bb5 a6 4. Ba4 Nf6 5. O-O Be7 6. Re1 b5 7. Bb3 d6 8. c3
O-O 9. h3 Na5 10. Bc2 c5 11. d4 Qc7 12. Nbd2 Rd8 13. Nf1 cxd4 14. cxd4 exd4 15.
Ng3 Nc6 16. Bf4 Be6 17. Ne2 Nb4 18. Bb1 d3 19. Ned4 Rac8 20. Bxd3 Nxd3 21. Qxd3
Bd7 22. Rac1 Qb7 23. Rxc8 Rxc8 24. Bg5 h6 25. Bh4 Re8 26. a3 Bd8 27. Nd2 b4 28.
N4f3 bxa3 29. bxa3 Bc6 30. Bxf6 Bxf6 31. Qxd6 Be7 32. Qd3 Bc5 33. Nb3 Bb6 34.
Nfd2 Qa7 35. Qg3 Re6 36. Nc4 Rg6 37. Qh4 Bc7 38. Rc1 a5 39. Nbd2 Qd4 40. Nf3
Qc5 41. Nfd2 a4 0-1

[Event "5MCR_4D_1L_1S"]
[Site "?"]
[Date "2002.??.??"]
[Round "?"]
[White "Jerabek, Zdenek"]
[Black "Straka, Zdenek"]
[Result "1/2-1/2"]
[WhiteElo "2235"]
[BlackElo "2360"]
[PlyCount "95"]
[EventDate "2002.??.??"]
[EventType "corr"]
[SourceDate "2004.??.??"]

1. e4 e5 2. Nf3 Nc6 3. Bb5 a6 4. Ba4 Nf6 5. O-O b5 6. Bb3 Be7 7. Re1 d6 8. c3
O-O 9. h3 Na5 10. Bc2 c5 11. d4 cxd4 12. cxd4 Bb7 13. Nbd2 exd4 14. Nxd4 Re8
15. b3 Bf8 16. Bb2 g6 17. Qf3 Bg7 18. Rad1 Rc8 19. Bb1 Nc6 20. Nxc6 Bxc6 21.
Bd4 Re6 22. Qf4 Qe7 23. Nf3 Bb7 24. Ng5 Bh6 25. Qh4 Nh5 26. Be3 Rc5 27. Nf3
Qxh4 28. Nxh4 Bxe3 29. Rxe3 Nf6 30. Rde1 d5 31. Nf3 Nxe4 32. Nd4 Rb6 33. f3 Nc3
34. a3 b4 35. a4 a5 36. Bd3 Rc7 37. g4 Bc6 38. g5 Rbb7 39. Kf2 Bd7 40. h4 Kf8
41. h5 Rb8 42. h6 Rcc8 43. Re5 Re8 44. f4 Rxe5 45. Rxe5 Re8 46. Ke3 Rxe5+ 47.
fxe5 Ke7 48. Kf4 1/2-1/2

[Event "5MCR_4D_1L_1S"]
[Site "?"]
[Date "2002.??.??"]
[Round "?"]
[White "Kolar, Pavel"]
[Black "Boukal, Petr"]
[Result "1/2-1/2"]
[WhiteElo "2260"]
[BlackElo "2435"]
[PlyCount "47"]
[EventDate "2002.??.??"]
[EventType "corr"]
[SourceDate "2004.??.??"]

1. e4 c6 2. d4 d5 3. Nd2 dxe4 4. Nxe4 Nd7 5. Ng5 Ngf6 6. Bd3 e6 7. N1f3 Bd6 8.
Qe2 h6 9. Ne4 Nxe4 10. Qxe4 Qc7 11. Bd2 b6 12. O-O-O Bb7 13. Qe2 O-O-O 14. Kb1
Kb8 15. Rhe1 c5 16. Bc3 Rhg8 17. Bc4 Nf6 18. dxc5 bxc5 19. Bxf6 gxf6 20. g3 f5
21. Ba6 Bc6 22. Bb5 Bb7 23. Ba6 Bc6 24. Bb5 1/2-1/2

[Event "5MCR_4D_1L_1S"]
[Site "?"]
[Date "2002.??.??"]
[Round "?"]
[White "Kolar, Pavel"]
[Black "Hala, Martin"]
[Result "1/2-1/2"]
[WhiteElo "2260"]
[BlackElo "2405"]
[PlyCount "49"]
[EventDate "2002.??.??"]
[EventType "corr"]
[SourceDate "2004.??.??"]

1. e4 e5 2. Nf3 Nc6 3. Bc4 Nf6 4. d3 Be7 5. O-O O-O 6. Re1 d6 7. c3 Bg4 8. Nbd2
d5 9. exd5 Nxd5 10. Qb3 Na5 11. Qa4 Nxc4 12. Qxc4 Be6 13. Qe4 f6 14. d4 Nf4 15.
c4 c6 16. dxe5 fxe5 17. Qxe5 Bd6 18. Qc3 Bg4 19. b4 Qd7 20. c5 Bc7 21. Bb2 Rae8
22. Kh1 Nd3 23. Qb3+ Qd5 24. Qc3 Qd7 25. Qb3+ 1/2-1/2

[Event "5MCR_4D_1L_1S"]
[Site "?"]
[Date "2002.??.??"]
[Round "?"]
[White "Kolar, Pavel"]
[Black "Jedlicka, Ales"]
[Result "1-0"]
[WhiteElo "2260"]
[BlackElo "2270"]
[PlyCount "103"]
[EventDate "2002.??.??"]
[EventType "corr"]
[SourceDate "2004.??.??"]

1. e4 c5 2. Nf3 e6 3. d4 cxd4 4. Nxd4 a6 5. Bd3 Nf6 6. O-O Qc7 7. c4 Nc6 8.
Nxc6 dxc6 9. Be3 e5 10. h3 Nd7 11. Nc3 Bc5 12. Qg4 g6 13. Qf3 Bxe3 14. Qxe3 Nf6
15. Rad1 Be6 16. Rd2 O-O 17. Rfd1 Nh5 18. c5 Rad8 19. Kh2 Rd4 20. Ne2 Rd7 21.
Bc2 Rfd8 22. a3 Bc4 23. Rxd7 Rxd7 24. Ng1 f6 25. Nf3 Bf7 26. g3 Rxd1 27. Bxd1
Ng7 28. b4 Qd7 29. Qd2 Qxd2 30. Nxd2 Ne6 31. Bg4 h5 32. Bxe6 Bxe6 33. f4 Kf7
34. Nf3 exf4 35. gxf4 Bc4 36. h4 Be2 37. Nd2 g5 38. Kg3 Kg6 39. Kf2 Bd1 40. Nc4
gxh4 41. Nd6 h3 42. Kg3 h4+ 43. Kxh3 Kh5 44. Nxb7 Bg4+ 45. Kh2 Bd1 46. Nd8 Ba4
47. Kh3 Bb5 48. Nf7 Bf1+ 49. Kh2 Kg4 50. f5 Kf4 51. Nd6 Ke5 52. a4 1-0

[Event "5MCR_4D_1L_1S"]
[Site "?"]
[Date "2002.??.??"]
[Round "?"]
[White "Kolar, Pavel"]
[Black "Merlicek, Jiri"]
[Result "1/2-1/2"]
[WhiteElo "2260"]
[BlackElo "2390"]
[PlyCount "24"]
[EventDate "2002.??.??"]
[EventType "corr"]
[SourceDate "2004.??.??"]

1. e4 c5 2. Nf3 e6 3. d4 cxd4 4. Nxd4 a6 5. Bd3 Nf6 6. O-O Qc7 7. c4 Nc6 8.
Nxc6 dxc6 9. Be3 e5 10. h3 Nd7 11. Nc3 Be7 12. a3 Nc5 1/2-1/2

[Event "5MCR_4D_1L_1S"]
[Site "?"]
[Date "2002.??.??"]
[Round "?"]
[White "Kolar, Pavel"]
[Black "Rybak, Radek"]
[Result "1-0"]
[WhiteElo "2260"]
[BlackElo "2390"]
[PlyCount "89"]
[EventDate "2002.??.??"]
[EventType "corr"]
[SourceDate "2004.??.??"]

1. e4 e5 2. Nf3 Nc6 3. Bc4 Nf6 4. d3 d5 5. exd5 Nxd5 6. O-O Bc5 7. Bb5 O-O 8.
Bxc6 bxc6 9. Nxe5 Qh4 10. Nd2 Bd6 11. Ndc4 Re8 12. Nxd6 cxd6 13. Nc4 Qf6 14.
Qh5 h6 15. Bd2 Nf4 16. Bxf4 Qxf4 17. Rfe1 Ba6 18. Ne3 Bc8 19. Qa5 Be6 20. b3 c5
21. c4 Qd4 22. Rac1 Rad8 23. Qc3 Qe5 24. Nf1 Qxc3 25. Rxc3 g5 26. d4 a5 27. d5
Bd7 28. Rce3 Rxe3 29. Rxe3 a4 30. bxa4 Ra8 31. Ra3 Ra5 32. f4 Kg7 33. Ng3 gxf4
34. Nh5+ Kg6 35. Nxf4+ Kf6 36. Kf2 Ke5 37. Ne2 Rxa4 38. Rxa4 Bxa4 39. Ke3 Bd7
40. Nc3 Kf6 41. Kf4 Bc8 42. g4 Bd7 43. Ne4+ Ke7 44. Ng3 Kf6 45. Nf5 1-0

[Event "5MCR_4D_1L_1S"]
[Site "?"]
[Date "2002.??.??"]
[Round "?"]
[White "Kolar, Pavel"]
[Black "Soucha, Stepan"]
[Result "1/2-1/2"]
[WhiteElo "2260"]
[BlackElo "2335"]
[PlyCount "48"]
[EventDate "2002.??.??"]
[EventType "corr"]
[SourceDate "2004.??.??"]

1. e4 e5 2. Nf3 Nc6 3. Bc4 Nf6 4. d3 Be7 5. O-O O-O 6. Re1 d6 7. c3 Na5 8. Bb5
a6 9. Ba4 b5 10. Bc2 c5 11. Nbd2 Nc6 12. Nf1 h6 13. h3 Re8 14. Ng3 Be6 15. Bd2
d5 16. Bb3 Qc7 17. exd5 Nxd5 18. Qe2 Rad8 19. Nxe5 Nxe5 20. Qxe5 Bd6 21. Qe2
Bxg3 22. fxg3 Qxg3 23. Qf2 Qxf2+ 24. Kxf2 Nf6 1/2-1/2

[Event "5MCR_4D_1L_1S"]
[Site "?"]
[Date "2002.??.??"]
[Round "?"]
[White "Kolar, Pavel"]
[Black "Straka, Zdenek"]
[Result "1/2-1/2"]
[WhiteElo "2260"]
[BlackElo "2360"]
[PlyCount "39"]
[EventDate "2002.??.??"]
[EventType "corr"]
[SourceDate "2004.??.??"]

1. e4 e5 2. Nf3 Nc6 3. Bc4 Bc5 4. c3 Nf6 5. d3 d6 6. Nbd2 O-O 7. h3 a6 8. Bb3
Ba7 9. Qe2 Nd7 10. Nf1 Nc5 11. Bc2 Ne6 12. g3 b5 13. Ne3 Ne7 14. h4 b4 15. Ng5
f6 16. Qh5 h6 17. Bb3 d5 18. Nxd5 bxc3 19. Nxe6 Bxe6 20. bxc3 1/2-1/2

[Event "5MCR_4D_1L_1S"]
[Site "?"]
[Date "2002.??.??"]
[Round "?"]
[White "Merlicek, Jiri"]
[Black "Boukal, Petr"]
[Result "1/2-1/2"]
[WhiteElo "2390"]
[BlackElo "2435"]
[PlyCount "31"]
[EventDate "2002.??.??"]
[EventType "corr"]
[SourceDate "2004.??.??"]

1. e4 c6 2. d4 d5 3. Nd2 dxe4 4. Nxe4 Nd7 5. Ng5 Ngf6 6. Bd3 e6 7. N1f3 Bd6 8.
Qe2 h6 9. Ne4 Nxe4 10. Qxe4 Qc7 11. Qg4 Kf8 12. O-O c5 13. Qh4 b6 14. Be4 Rb8
15. Rd1 c4 16. d5 1/2-1/2

[Event "5MCR_4D_1L_1S"]
[Site "?"]
[Date "2002.??.??"]
[Round "?"]
[White "Merlicek, Jiri"]
[Black "Hala, Martin"]
[Result "1/2-1/2"]
[WhiteElo "2390"]
[BlackElo "2405"]
[PlyCount "68"]
[EventDate "2002.??.??"]
[EventType "corr"]
[SourceDate "2004.??.??"]

1. e4 e5 2. Nf3 Nc6 3. Bb5 f5 4. Nc3 fxe4 5. Nxe4 d5 6. Nxe5 dxe4 7. Nxc6 Qg5
8. Qe2 Nf6 9. f4 Qxf4 10. Ne5+ c6 11. d4 Qh4+ 12. g3 Qh3 13. Bc4 Be6 14. Bg5
O-O-O 15. O-O-O Bd6 16. Nf7 Bxf7 17. Bxf7 Rhf8 18. Bb3 Rde8 19. Rhf1 Kb8 20.
Rde1 h6 21. Bxf6 gxf6 22. d5 c5 23. Rf2 f5 24. Kb1 h5 25. c4 h4 26. Qh5 e3 27.
Rfe2 f4 28. gxf4 Bxf4 29. Qh7 Qf5+ 30. Qxf5 Rxf5 31. Bc2 Rf6 32. Bd3 Kc7 33.
Rg1 Ref8 34. Rg4 h3 1/2-1/2

[Event "5MCR_4D_1L_1S"]
[Site "?"]
[Date "2002.??.??"]
[Round "?"]
[White "Merlicek, Jiri"]
[Black "Hlavac, Frantisek"]
[Result "1-0"]
[WhiteElo "2390"]
[BlackElo "2405"]
[PlyCount "57"]
[EventDate "2002.??.??"]
[EventType "corr"]
[SourceDate "2004.??.??"]

1. e4 e5 2. Nf3 Nf6 3. Nxe5 d6 4. Nf3 Nxe4 5. d4 d5 6. Bd3 Be7 7. O-O Nc6 8. c4
Nb4 9. Be2 O-O 10. Nc3 Be6 11. Ne5 c5 12. Nxe4 dxe4 13. d5 Bf5 14. a3 Na6 15.
f3 Qc7 16. fxe4 Bxe4 17. Nf3 Bd6 18. h3 h6 19. Bd3 Rae8 20. Nh4 Qd8 21. Nf5
Bxf5 22. Bxf5 Be5 23. Qg4 Qb6 24. Kh1 Re7 25. Rb1 Rfe8 26. Bd3 Bd4 27. Bf4 Rf8
28. d6 Re6 29. Rbe1 1-0

[Event "5MCR_4D_1L_1S"]
[Site "?"]
[Date "2002.??.??"]
[Round "?"]
[White "Merlicek, Jiri"]
[Black "Jandek, Stefan"]
[Result "1/2-1/2"]
[WhiteElo "2390"]
[BlackElo "2345"]
[PlyCount "51"]
[EventDate "2002.??.??"]
[EventType "corr"]
[SourceDate "2004.??.??"]

1. d4 d5 2. c4 c6 3. Nc3 Nf6 4. Nf3 e6 5. e3 Nbd7 6. Bd3 dxc4 7. Bxc4 b5 8. Bd3
Bb7 9. e4 b4 10. Na4 c5 11. e5 Nd5 12. O-O cxd4 13. Re1 g6 14. Bg5 Qa5 15. Nxd4
a6 16. a3 bxa3 17. bxa3 Bg7 18. Rb1 Rb8 19. Bd2 Qd8 20. Rxb7 Rxb7 21. Bxa6 Qa8
22. Bxb7 Qxb7 23. f4 Qa7 24. Bb4 Bf8 25. Bxf8 Kxf8 26. Kh1 1/2-1/2